| 000 | 00776nam a2200229 a 4500 | ||
|---|---|---|---|
| 999 |
_c7268 _d7268 |
||
| 001 | 7268 | ||
| 003 | BD-JhCC | ||
| 005 | 20180207124940.0 | ||
| 008 | 180128s1995 bg |||| ||a| 000 0 ben d | ||
| 020 | _a9845600115 | ||
| 035 | _a(BD-JhCC)7268 | ||
| 040 |
_aBD-JhCC _dBD-JhCC |
||
| 041 | _aben | ||
| 082 |
_a973 _bMUH 1995 |
||
| 100 | _aমুহাম্মদ, আনু | ||
| 245 |
_aকলম্বাসের আমেরিকা “আবিষ্কার” এবং বহুজাতিক মানুষেরা / _cআনু মুহাম্মদ |
||
| 260 |
_aঢাকা : _bজাতীয় গ্রন্থ প্রকাশন, _c1995. |
||
| 300 |
_a112 p. : _c22 cm. |
||
| 650 | _aAmerica | ||
| 942 |
_2ddc _cBK |
||